000 00214 a2200097 4500
001 26572
100 _aBoottacini M.R
245 _aInstrument and measurement
260 _a
_bMerrill
_c1975
090 _c17869
_d17869
942 _aNUST-CAE
_cM
_c8745
999 _c261645
_d261645